Tímová práca vo vybranom startupe bakalárska práca

Na minha lista:
Detalhes bibliográficos
Autor principal: Šimová, Monika
Autor Corporativo: Fakulta podnikového manažmentu EU. Katedra manažmentu
Outros Autores: Sochanič, Vladislav
Formato: Livro
Idioma:eslovaco
Publicado em: Bratislava 2020
Tags: Adicionar Tag
Sem tags, seja o primeiro a adicionar uma tag!

MARC

LEADER 00000nbm a2200000 4500
001 0266159
005 20201127100404.9
041 0 |a slo 
044 |a SK 
245 1 0 |a Tímová práca vo vybranom startupe  |b bakalárska práca  |c Monika Šimová ; školiteľ: Vladislav Sochanič 
264 1 |a Bratislava  |c 2020 
300 |a 64 s. 
100 1 |a Šimová, Monika 
700 1 |a Sochanič, Vladislav 
710 2 |a Fakulta podnikového manažmentu EU. Katedra manažmentu